Zahovoryty do sučasnyka

Bibliographic Details
Main Author: Jackanin, Ivan, 1950- (Author)
Format: Article
Language:Ukrainian
PhysicalDescription:Fotogr. 1, obr. 1
Subjects:

MARC

LEADER 00000nab a2200000 a 4500
001 vtls000511293
003 SK-MaSNL
005 20260318114736.0
008 180130c1993 xo 0c ukr
015 |a SNBRB19rr/mm-uuuuu 
035 |a CL0511431 
040 |a SNKBUCL  |b slo  |c SNKBUCL  |e AACR2 
041 0 |a ukr 
044 |a xo  |c SK 
080 |a 323.11(=83=875)(091)  |2 1981 
080 |a 82(091):883 (437.6)"19"  |2 1981 
100 1 |a Jackanin, Ivan,  |d 1950-  |4 aut  |9 103637 
245 1 0 |a Zahovoryty do sučasnyka  |c Ivan Jackanyn 
300 |b Fotogr. 1, obr. 1 
600 1 7 |a Macinský, Ivan,  |d 1922-1987  |2 snkbucl  |9 182724 
600 1 7 |a Myšanyč, Oleksa Vasyl'ovyč,  |d 1933-2004  |2 snkbucl  |9 453818 
650 0 7 |a rusínizmus  |2 snkbucl  |9 1292955 
650 0 7 |a karpatorusínizmus  |2 snkbucl  |9 1292956 
650 0 7 |a literárna história  |2 snkbucl  |9 1136 
651 7 |a Zakarpatská Ukrajina  |2 snkbucl  |9 55422 
655 7 |a články z novín a časopisov  |2 snkbucl  |9 267496 
655 7 |a články z odboru literárna veda a krásna literatúra  |2 snkbucl  |9 770045 
773 0 |t Nove žyttja  |g Roč. 43, č. 44 (1993), s. 3-4 
787 0 8 |i Rec.:  |a Myšanyč, Oleksa  |t Karpaty nas ne rozlučať  |d Užhorod : Karpaty, 1993 
850 |a Slovenská národná knižnica v Martine  |a POA001 
852 |a SNK  |b KIS3GCP 
958 |a RK 
958 |a LX 
958 |a UK 
992 |a RBX 
999 |c 3288293  |d 3290223